000 00343nam a2200145Ia 4500
008 231221s9999 xx 000 0 und d
041 _aEnglish
082 _a658.56 CHU;12 R2
100 _aChunawalla, S.A
245 0 _aProduct Management
250 _a6th rev. ed.
260 _c2007
_bHimalaya
_aMumbai
300 _a318
942 _cBM
999 _c209123
_d209123